00960nam a2200313Ia 4500001000700000008004100007020001800048035001400066041000800080084001300088245008000101260009200181300003600273490002800309500002500337650001500362650002600377650001200403650002100415650001500436650001000451650001600461650001100477650002100488650001300509650001100522700003300533710008000566001836221003s1987 xx 000 0 spa d a84-7432-442-5 aCENDO_534 aspa aCD-00620 0aCorporatismo y diferenciación regional /ccompilación de Carlota Solé aMadrid :bMinisterio de Trabajo y Seguridad Social, Centro de Publicaciones,cD.L. 1987 a284 p. : bil., tab. ;c 22 cm aEstudioslserie general aBibliogr. p. 283-284 aTERRITORIO aORGANIZACION REGIONAL aEMPRESA aGRUPO DE INTERES aASOCIACION aSUIZA aREINO UNIDO aCANADA aINDUSTRIA TEXTIL aESPAÑA aESTADO aSOLE I PUIG, Carlota,ecomp. aESPAÑAbMinisterio de Trabajo y Seguridad SocialbCentro de Publicaciones